Vista normal Vista MARC
  • Herrera Urízar, Gustavo

Entrada Nombre Personal

Número de registros utilizados en: 1

001 - NUMERO DE CONTROL

  • campo de control: 58679

003 - IDENTIFICADOR DE NUMERO DE CONTROL

  • campo de control: UPN

005 - FECHA Y HORA DE LA ÜLTIMA TRANSACCIÓN

  • campo de control: 20260205132847.0

008 - DATOS DE LONGITUD FIJA

  • campo de control de longitud fija: 260205|| acz||aabn | a|a d

024 ## - OTROS IDENTIFICADORES NORMALIZADOS

  • Número normalizado o código: http://orcid.org/0000-0003-3546-8976

040 ## - FUENTE DE CATALOGACIÓN

  • Agencia original de catalogación: MX-MxUPN

100 1# - ENCABEZAMIENTO - NOMBRE PERSONAL

  • Nombre personal: Herrera Urízar, Gustavo

370 ## - LUGAR ASOCIADO

  • Place of birth: España

371 ## - DIRECCIÓN

  • Electronic mail address: gustavo.herrera@ub.edu

372 ## - CAMPO DE ACTIVIDAD

  • Field of activity: Didáctica.

373 ## - GRUPO ASOCIADO

  • Associated group: Universidad de Barcelona. Departamento de Didáctica y Organización Educativa.

374 ## - OCUPACIÓN

  • Occupation: Docencia e investigación universitaria
  • Occupation: Investigador Postdoctoral Juan de la Cierva

377 ## - LENGUA ASOCIADA

  • Language code: spa

670 ## - FUENTE EN LA QUE SE LOCALIZARON DATOS

  • Cita de la fuente: En recurso en línea : Psicoperspectivas: individuo y sociedad, Vol. 24, no. 2 2025)
  • Información localizada: (Gustavo Herrera Urízar)
  • Uniform Resource Identifier: https://www.psicoperspectivas.cl/index.php/psicoperspectivas/article/view/3453/2050

902 ## - CATALOGADOR

  • Catalogador: Leonor Sotres/050226